000 00660nam a2200193Ia 4500
008 090123s9999 xx 000 0 und d
082 _b36339
_a891.463/कुलक
100 _aरिक्टर कॉन रॉड
245 _aरानातील प्रकाश
250 _a2
260 _bउर्जा प्रकाशन
_c2004
300 _a125
600 _aरिक्टर कॉन रॉड
630 _aरानातील प्रकाश
700 _aरिक्टर कॉन रॉड
700 _aकुलकर्णी जी.ए.
730 _aरानातील प्रकाश
942 _cBOOK
999 _c74406
_d74406